Arctic Circle Countries Quiz Stats

 Plays Quiz Updated Nov 7, 2018

     
Support Sporcle.
Go Orange.
Score 0/8 Timer 01:00
7 Plays Today
Country % Correct
Russia
97.8%
Canada
96.3%
Norway
94.3%
Denmark (Greenland)
94.2%
Sweden
93.4%
Finland
92.6%
United States
90.2%
Iceland
87.3%

From the Vault

Lego Batman Characters

by ecnal79

The only thing cooler than Batman is having a sweet Lego Batman, preferably as a keychain.
Remove Ads.
Support Sporcle.
Get the best of Sporcle when you Go Orange. This ad-free experience offers more features, more stats, and more fun while also helping to support Sporcle. Thank you for becoming a member.

Show Comments

Extras

Top Quizzes Today


Score Distribution

Your Account Isn't Verified!

In order to create a playlist on Sporcle, you need to verify the email address you used during registration. Go to your Sporcle Settings to finish the process.

Report this User

Report this user for behavior that violates our Community Guidelines.

Details: